<?xml version="1.0" encoding="UTF-8"?>
<collection xmlns:xsi="http://www.w3.org/2001/XMLSchema-instance" xsi:schemaLocation="http://www.loc.gov/MARC21/slim http://www.loc.gov/standards/marcxml/schema/MARC21slim.xsd" xmlns="http://www.loc.gov/MARC21/slim">
 <record>
  <leader>00000nam a22000003a 4500</leader>
  <controlfield tag="001">UP-99849408841431085</controlfield>
  <controlfield tag="003">Buklod</controlfield>
  <controlfield tag="005">20230803091810.0</controlfield>
  <controlfield tag="006">t     r    |||| u|</controlfield>
  <controlfield tag="007">ta</controlfield>
  <controlfield tag="008">230803s2022    ph     grm    000 0|eng d</controlfield>
  <datafield tag="040" ind1="0" ind2=" ">
   <subfield code="a">DCHE</subfield>
   <subfield code="e">rda</subfield>
  </datafield>
  <datafield tag="041" ind1="0" ind2=" ">
   <subfield code="a">eng</subfield>
  </datafield>
  <datafield tag="042" ind1=" " ind2=" ">
   <subfield code="a">DMLUC</subfield>
  </datafield>
  <datafield tag="090" ind1="0" ind2="0">
   <subfield code="a">LG 993.5 2022 N87</subfield>
   <subfield code="b">D45</subfield>
  </datafield>
  <datafield tag="100" ind1="1" ind2=" ">
   <subfield code="a">Del Rosario, Angela Mae G.</subfield>
   <subfield code="e">author</subfield>
  </datafield>
  <datafield tag="245" ind1="1" ind2="0">
   <subfield code="a">Enter meeting ID here </subfield>
   <subfield code="b">a cross-sectional study on the association of the study from home (SFH) setup on the macronutrient intake of undergraduate students in the College of Home Economics, UP Diliman</subfield>
   <subfield code="c">Angela Mae G. Del Rosario, Patricia Ceferina Isabelle R. Galindez ; Cecile Klaudine C. Cabigas, adviser.</subfield>
  </datafield>
  <datafield tag="264" ind1=" " ind2="1">
   <subfield code="a">Quezon City</subfield>
   <subfield code="b">College of Home Economics, University of the Philippines Diliman,</subfield>
   <subfield code="c">2022</subfield>
  </datafield>
  <datafield tag="300" ind1=" " ind2=" ">
   <subfield code="a">xii, 90 leaves</subfield>
   <subfield code="b">illustrations</subfield>
   <subfield code="c">28 cm</subfield>
  </datafield>
  <datafield tag="336" ind1=" " ind2=" ">
   <subfield code="a">text</subfield>
   <subfield code="2">rdacontent</subfield>
  </datafield>
  <datafield tag="337" ind1=" " ind2=" ">
   <subfield code="a">unmediated</subfield>
   <subfield code="2">rdamedia</subfield>
  </datafield>
  <datafield tag="338" ind1=" " ind2=" ">
   <subfield code="a">volume</subfield>
   <subfield code="2">rdacarrier</subfield>
  </datafield>
  <datafield tag="500" ind1=" " ind2=" ">
   <subfield code="a">Thesis Classification: P </subfield>
  </datafield>
  <datafield tag="502" ind1=" " ind2=" ">
   <subfield code="a">Thesis</subfield>
   <subfield code="b">B.S. Community Nutrition</subfield>
   <subfield code="c">University of the Philippines Diliman</subfield>
   <subfield code="d">2022</subfield>
  </datafield>
  <datafield tag="504" ind1=" " ind2=" ">
   <subfield code="a">Includes bibliographical references and appendices.</subfield>
  </datafield>
  <datafield tag="650" ind1=" " ind2="0">
   <subfield code="a">College students</subfield>
   <subfield code="x">Nutrition</subfield>
   <subfield code="x">Psychological aspects</subfield>
   <subfield code="z">Philippines.</subfield>
  </datafield>
  <datafield tag="700" ind1="1" ind2=" ">
   <subfield code="a">Galindez, Patricia Ceferina Isabelle R.</subfield>
   <subfield code="e">author.</subfield>
  </datafield>
  <datafield tag="700" ind1="1" ind2=" ">
   <subfield code="a">Cabigas, Cecille Klaudine C.</subfield>
   <subfield code="e">adviser.</subfield>
  </datafield>
  <datafield tag="905" ind1=" " ind2=" ">
   <subfield code="a">FI</subfield>
  </datafield>
  <datafield tag="905" ind1=" " ind2=" ">
   <subfield code="a">UP</subfield>
  </datafield>
  <datafield tag="852" ind1="0" ind2=" ">
   <subfield code="a">UPD</subfield>
   <subfield code="b">DCHE</subfield>
   <subfield code="h">LG 993.5 2022 N87</subfield>
   <subfield code="i">D45</subfield>
  </datafield>
  <datafield tag="856" ind1="4" ind2="0">
   <subfield code="y">Abstract</subfield>
   <subfield code="u">https://drive.google.com/file/d/17GmEmaJRqdDfbg9ndjfCcdEd1K72kcWg/view</subfield>
   <subfield code="q">application/pdf</subfield>
   <subfield code="s">49.01 Kb</subfield>
   <subfield code="z">Open Access</subfield>
   <subfield code="7">0</subfield>
  </datafield>
  <datafield tag="942" ind1=" " ind2=" ">
   <subfield code="a">Thesis</subfield>
  </datafield>
 </record>
</collection>
